| 000 | 00592nam a2200217Ia 4500 | ||
|---|---|---|---|
| 005 | 20241216010921.0 | ||
| 008 | 190212s9999||||xx |||||||||||||| ||und|| | ||
| 020 | _a968-444-150-9 | ||
| 082 |
_a515.35 _bC26 |
||
| 100 | _aCARMONA JOVER, ISABEL | ||
| 245 | 0 | _aECUACIONES DIFERENCIALES | |
| 250 | _a4 | ||
| 260 |
_aMÚXICO _bALHAMBRA MEXICANA _c1996 |
||
| 300 |
_a644 pag _c23 cm |
||
| 341 | _h76.98 | ||
| 490 |
_v0 _a0 |
||
| 505 | _aPRIMER ORDEN-ECUACIONES/APLICACIONES-RESOLUCION | ||
| 541 |
_aC _bLIBRERIA SAN CRISTOBAL _d17-Jun-97 _oSoles |
||
| 650 | _aCIENCIAS PURAS | ||
| 942 | _cLIBRO | ||
| 999 |
_c27613 _d27613 |
||